Quiz spécial Étoiles - Statistiques

Statistiques générales
  • Ce quiz a été pris 23 fois
  • Le résultat moyen est 7 sur 15
Statistiques - réponses
Question Réponse % Correct
Quelle est la seule étoile du Système Solaire ? Soleil
95%
De quelle couleur était l'étoile qui permettait d'identifier les Juifs pendants la Seconde Guerre Mondiale ? Jaune
86%
Quel est le maximum d'étoiles que peut attribuer le Guide Michelin à un restaurant ? 3
73%
De combien d'étoiles est principalement composée la Grande Ourse ? 7
64%
De combien de branches est au moins composée une étoile en mathématiques ? 3
59%
D'après une expression française, comment est l'étoile lorsque l'on dort en plein air ? Belle
59%
Comment se nomme l'explosion qui se produit à la fin de la vie d'un étoile ? Supernova
59%
Quel est le vrai nom de l'Étoile du Matin ? Vénus
55%
Dans le titre d'une BD de Tintin, comment est l'étoile ? Mystérieuse
50%
Comment nomme-t-on simplement une météorite qui entre dans l'atmosphère et qui brûle ? Étoile Filante
41%
Quel est le pays qui possède un drapeau qui est orné de 7 étoiles à 5 branches ? Australie
32%
Quel est l'autre nom de L'Étoile de la Mort, dans Star Wars ? L'Étoile Noire
27%
Quel est l'autre nom de l'étoile de mer ? Astérie
0%
Quel est le titre du film américain, sorti en 2014, qui généra plus d'1 million d'entrées en salles en France ? Nos Étoiles Contraintes
0%
Quelle est l'étoile la plus volumineuse de la Galaxie ? Stephenson 2-18
0%
Aucun quiz correspondant
Distribution des résultats
% des personnes avec chaque résultat
Percentile par nombre de réponses
Votre historique - résultats
Vous n’avez pas pris ce quiz